Southville International School and Colleges
Your cart is empty.
  • Cart
  • Lists
    Public lists Eva Luna New books Lux_list list_1
    Your lists Log in to create your own lists
  • Log in to your account
  • Your cookies
  • Search history
Southville International School and Colleges
  • Advanced search
  • Recent comments
  • Most popular
  • Libraries

Log in to your account

Log in with GOOGLE


If you do not have an external account, but do have a local account, you can still log in:

  1. Home
  2. MARC view: The black cat and other stories /
Normal view MARC view ISBD view

The black cat and other stories / (Record no. 278892)

[ view plain ]
MARC details
000 -LEADER
fixed length control field 00396nam a2200145Ia 4500
008 - FIXED-LENGTH DATA ELEMENTS--GENERAL INFORMATION
fixed length control field 150128s9999 xx 000 0 und d
020 ## - INTERNATIONAL STANDARD BOOK NUMBER
International Standard Book Number 0140810331
050 ## - LIBRARY OF CONGRESS CALL NUMBER
Classification number CLA
Item number P75b 1991
100 ## - MAIN ENTRY--PERSONAL NAME
Personal name Poe, Edgar Allan.
245 #4 - TITLE STATEMENT
Title The black cat and other stories /
250 ## - EDITION STATEMENT
Edition statement Edgar Allan Poe.
260 ## - PUBLICATION, DISTRIBUTION, ETC. (IMPRINT)
Place of publication, distribution, etc New York:
Name of publisher, distributor, etc Penguin Books,
Date of publication, distribution, etc 1991.
300 ## - PHYSICAL DESCRIPTION
Extent 46 pages :
Dimensions 18 cm.
650 ## - SUBJECT ADDED ENTRY--TOPICAL TERM
General subdivision Fiction.
Holdings
Withdrawn status Lost status Source of classification or shelving scheme Damaged status Home library Current library Date acquired Total Checkouts Full call number Barcode Date last seen Price effective from Koha item type
    Dewey Decimal Classification   South Mansfield College South Mansfield College     CLA P75b 1991 SMC5575 01/28/2015 01/28/2015 Books

The black cat and other stories /

APA

Poe E. A., . (1991). The black cat and other stories. New York: Penguin Books.

Chicago

Poe Edgar Allan, . 1991. The black cat and other stories. New York: Penguin Books.

Harvard

Poe E. A., . (1991). The black cat and other stories. New York: Penguin Books.

MLA

Poe Edgar Allan, . The black cat and other stories. New York: Penguin Books. 1991.

  • Place hold
  • Print
  • Cite
  • Add to your cart (remove)
  • Save record
    BIBTEX Dublin Core MARCXML MARC (non-Unicode/MARC-8) MARC (Unicode/UTF-8) MARC (Unicode/UTF-8, Standard) MODS (XML) RIS
  • More searches
    Search for this title in:
    Other Libraries (WorldCat) Other Databases (Google Scholar) Online Stores (Bookfinder.com) Open Library (openlibrary.org)

Exporting to Dublin Core...

SOUTHVILLE LIBRARY

Southville International School and Colleges Library

1281 Tropical Ave. Cor. Luxembourg St., BF Homes International, Las Pinas City

Tel. No. 8256374 / 252358 Loc. 117/146

Powered by Koha